| 000 | 00580nam a2200133 a 4500 | ||
|---|---|---|---|
| 008 | 080429s1993 ||||||||||||||||| || u | ||
| 050 | _aTHESIS | ||
| 100 | _aKambaso, B. M | ||
| 245 | 1 | 0 |
_aFinancial planning for the small building contractors in Zambia _cSupervised by Mr. F. Kapambwe |
| 260 |
_aKitwe _bCopperbelt University, Schoool of Built Environment, Department of Building _c1993 |
||
| 350 | _a0.00 | ||
| 650 | _aBUILDING | ||
| 995 |
_D0.00 _FCBU-MAIN LIBRARY (Kitwe) _H1 _I0.00 _M1 _UAVAILABLE _WApr 29, 2008 _ZUniversity Collection |
||
| 999 |
_c43420 _d43420 |
||